| 000 | 00711nam a22002532a 4500 | ||
|---|---|---|---|
| 999 |
_c10306 _d10306 |
||
| 001 | 10306 | ||
| 003 | BD - JhCC | ||
| 005 | 20180520123426.0 | ||
| 008 | 180423s1976 enkae 001 0 eng d | ||
| 020 | _a0245526560 | ||
| 035 |
_aOCLC ocm16281354 from D950825M _a(BD - JhCC)10306 |
||
| 040 |
_aUKM _cUKM _dEQO _dBD - JhCC |
||
| 041 | _aeng | ||
| 050 | 0 | _aVM351 | |
| 082 |
_a623.82/02 _218 _bGAN 1976 |
||
| 100 | 1 | _aGannaway, Dave. | |
| 245 | 1 | 0 |
_aSmall boat building / _cDave Gannaway |
| 260 |
_aLymington : _bNautical Publishing Co, _c1976. |
||
| 300 |
_a3 -95 p. : _bill., plans ; _c22 cm |
||
| 500 | _aIncludes index | ||
| 650 | 0 |
_aBoatbuilding _xAmateurs' manuals |
|
| 942 |
_2ddc _cBK |
||